Govt. of
Madhya Pradesh

Normal view MARC view

Entry Topical Term

Number of records used in: 0

001 - CONTROL NUMBER

  • control field: 76178

003 - CONTROL NUMBER IDENTIFIER

  • control field: OSt

005 - DATE AND TIME OF LATEST TRANSACTION

  • control field: 20190808160505.0

008 - FIXED-LENGTH DATA ELEMENTS

  • fixed length control field: 190808|| aca||aabn | a|a d

040 ## - CATALOGING SOURCE

  • Original cataloging agency: OSt
  • Transcribing agency: OSt

150 ## - HEADING--TOPICAL TERM

  • Topical term or geographic name entry element: History

670 ## - SOURCE DATA FOUND

  • Source citation: Work cat.: (OSt): Dubey, Sita Ram 76177, R . Shamasastry : New Dimensions in Indian H istory, 2018